[Event "DRUGA LIGA CENTRALNE SRBIJE - ISTOK 2017"]
[Site "Srebrno jezero"]
[Date "2017.09.09"]
[Round "3.4"]
[White "Urosevic, Goran"]
[Black "Pavlovic, Goran"]
[Result "1/2-1/2"]
[WhiteElo "2267"]
[BlackElo "2367"]
[PlyCount "35"]
[EventDate "2017.09.08"]

1. d4 Nf6 2. c4 g6 3. Nc3 Bg7 4. e4 d6 5. Be2 O-O 6. Nf3 e5 7. O-O exd4 8. Nxd4
Re8 9. f3 Nc6 10. Be3 Nh5 11. Qd2 Nf4 12. Bxf4 Nxd4 13. Bg5 Nxe2+ 14. Nxe2 Qd7
15. Rad1 f5 16. Ng3 Qf7 17. b3 Be6 18. Rfe1 1/2-1/2

[Event "DRUGA LIGA CENTRALNE SRBIJE - ISTOK 2017"]
[Site "Srebrno jezero"]
[Date "2017.09.09"]
[Round "3.4"]
[White "Petrovic, Tijana"]
[Black "Pantic, Dejan"]
[Result "1-0"]
[WhiteElo "1797"]
[BlackElo "1830"]
[PlyCount "45"]
[EventDate "2017.09.08"]

1. e4 c5 2. Nf3 Nc6 3. d4 cxd4 4. Nxd4 g6 5. Nc3 Bg7 6. Be3 a6 7. Bc4 e6 8. Qd2
Nge7 9. O-O-O b5 10. Bb3 Na5 11. f4 Nxb3+ 12. Nxb3 Bb7 13. Bd4 f6 14. Rhe1 Bc6
15. Bc5 Kf7 16. g4 h5 17. f5 hxg4 18. fxe6+ dxe6 19. Qf2 Qc8 20. Na5 Rd8 21.
Bxe7 Kxe7 22. Qc5+ Kf7 23. Qxc6 1-0

[Event "DRUGA LIGA CENTRALNE SRBIJE - ISTOK 2017"]
[Site "Srebrno jezero"]
[Date "2017.09.09"]
[Round "3.5"]
[White "Stankovic, Ivan G"]
[Black "Miljkovic, Mihajlo"]
[Result "1/2-1/2"]
[WhiteElo "2294"]
[BlackElo "2267"]
[PlyCount "28"]
[EventDate "2017.09.08"]

1. e4 c5 2. c4 Nc6 3. Nc3 g6 4. g3 Bg7 5. Bg2 d6 6. d3 Nf6 7. Nge2 O-O 8. a3
Ne8 9. Rb1 a5 10. Be3 Nc7 11. d4 cxd4 12. Nxd4 Ne6 13. Nxe6 Bxe6 14. Nd5 Ne5
1/2-1/2

[Event "DRUGA LIGA CENTRALNE SRBIJE - ISTOK 2017"]
[Site "Srebrno jezero"]
[Date "2017.09.09"]
[Round "3.5"]
[White "Petrovic, Grade"]
[Black "Arsic, Djordje"]
[Result "0-1"]
[WhiteElo "2061"]
[BlackElo "2137"]
[PlyCount "64"]
[EventDate "2017.09.08"]

1. d4 Nf6 2. Nf3 e6 3. c3 b6 4. g3 Bb7 5. Bg2 c5 6. O-O Be7 7. Nbd2 O-O 8. Re1
cxd4 9. cxd4 d6 10. e4 Nc6 11. a3 Rc8 12. b4 b5 13. Bb2 a5 14. bxa5 Nxa5 15.
Rc1 Qb6 16. Bf1 Rxc1 17. Qxc1 Rc8 18. Qb1 Nc4 19. Bd3 Qa5 20. Bc1 d5 21. exd5
Bxd5 22. Re3 Nxe3 23. fxe3 Bxa3 24. Bxa3 Qxa3 25. Qxb5 Qc1+ 26. Kf2 Ng4+ 27.
Ke2 Bxf3+ 28. Kxf3 Qxd2 29. Kxg4 Qxe3 30. Qd7 Ra8 31. Ba6 h5+ 32. Kxh5 f5 0-1

[Event "DRUGA LIGA CENTRALNE SRBIJE - ISTOK 2017"]
[Site "Srebrno jezero"]
[Date "2017.09.09"]
[Round "3.6"]
[White "Radosavljevic, Slobodan D"]
[Black "Pezelj, Sinisa"]
[Result "1/2-1/2"]
[WhiteElo "2253"]
[BlackElo "2273"]
[PlyCount "40"]
[EventDate "2017.09.08"]

1. c4 Nf6 2. g3 e5 3. Bg2 Be7 4. Nc3 O-O 5. Nf3 Nc6 6. O-O d6 7. d4 Bg4 8. d5
Nb8 9. h3 Bh5 10. Nh4 Ne8 11. Nf5 Bg6 12. Nxe7+ Qxe7 13. e4 Nd7 14. Be3 f5 15.
exf5 Bxf5 16. Re1 Qf7 17. g4 Bg6 18. Rc1 Nc5 19. Bxc5 dxc5 20. Qd2 Nd6 1/2-1/2

[Event "DRUGA LIGA CENTRALNE SRBIJE - ISTOK 2017"]
[Site "Srebrno jezero"]
[Date "2017.09.09"]
[Round "3.4"]
[White "Gajovic, Dragan"]
[Black "Djokic, Nebojsa"]
[Result "0-1"]
[WhiteElo "2141"]
[BlackElo "2209"]
[PlyCount "56"]
[EventDate "2017.09.08"]

1. e4 c5 2. Nc3 Nc6 3. g3 g6 4. Bg2 Bg7 5. Nge2 e6 6. d3 Nge7 7. Bg5 Nd4 8. Qd2
h6 9. Bf4 e5 10. Be3 d6 11. O-O Bh3 12. f4 Qd7 13. fxe5 dxe5 14. Rf2 Be6 15.
Raf1 f6 16. b3 O-O-O 17. Na4 b6 18. Nc1 Kb8 19. c4 h5 20. Nc3 h4 21. Nd5 hxg3
22. hxg3 Nxd5 23. cxd5 Bh3 24. b4 Qg4 25. bxc5 Qxg3 26. c6 Bg4 27. Re1 Rh2 28.
Bf4 Rxg2+ 0-1

[Event "DRUGA LIGA CENTRALNE SRBIJE - ISTOK 2017"]
[Site "Srebrno jezero"]
[Date "2017.09.09"]
[Round "3.4"]
[White "Dinev, Dejan"]
[Black "Cvetkovic, Nemanja"]
[Result "1-0"]
[WhiteElo "2271"]
[BlackElo "2253"]
[PlyCount "111"]
[EventDate "2017.09.08"]

1. d4 Nf6 2. Nf3 e6 3. e3 d5 4. Bd3 Nbd7 5. O-O Bd6 6. Nbd2 e5 7. e4 dxe4 8.
Nxe4 Nxe4 9. Bxe4 exd4 10. Qxd4 Qf6 11. Re1 O-O 12. Bg5 Qxd4 13. Nxd4 h6 14.
Bd2 Nf6 15. Bf3 Rd8 16. Bc3 c6 17. h3 Bf8 18. Rad1 Nd5 19. Ba5 Nb6 20. b3 Bd7
21. c4 Re8 22. a4 Rad8 23. Bc3 Rxe1+ 24. Bxe1 Be8 25. Bc3 Nc8 26. Re1 Bd7 27.
Ba5 Nb6 28. Rd1 Bc8 29. Bc3 Na8 30. Kf1 Nc7 31. Ba5 Bc5 32. Nxc6 Rxd1+ 33. Bxd1
Ne6 34. Ne5 Bd4 35. Nd3 Kf8 36. Bb4+ Ke8 37. Bd2 Nc5 38. Nxc5 Bxc5 39. Bf3 b6
40. Bc3 g6 41. b4 Bd6 42. Ke2 Bf5 43. a5 bxa5 44. bxa5 Bc5 45. Bd2 Be6 46. Bd5
Bxd5 47. cxd5 a6 48. Bxh6 Kd7 49. f3 Be7 50. Kd3 Kd6 51. Kc4 g5 52. f4 Bd8 53.
Bxg5 Bxa5 54. h4 Bd2 55. h5 f6 56. h6 1-0

[Event "DRUGA LIGA CENTRALNE SRBIJE - ISTOK 2017"]
[Site "Srebrno jezero"]
[Date "2017.09.09"]
[Round "3.4"]
[White "Djukic, Slobodan D"]
[Black "Jakovljevic, Dejan"]
[Result "1-0"]
[WhiteElo "2176"]
[BlackElo "2064"]
[PlyCount "75"]
[EventDate "2017.09.08"]

1. e4 e6 2. d4 d5 3. Nc3 Bb4 4. e5 c5 5. a3 Bxc3+ 6. bxc3 Ne7 7. Qg4 Qc7 8.
Qxg7 Rg8 9. Qxh7 cxd4 10. Ne2 Nbc6 11. f4 dxc3 12. Qd3 d4 13. Nxd4 Nxd4 14.
Qxd4 Bd7 15. Rg1 Nf5 16. Qf2 Qc6 17. Bd3 Qd5 18. a4 Bc6 19. g3 Nd4 20. Rf1 Rd8
21. Be3 a5 22. Bxd4 Qxd4 23. Qxd4 Rxd4 24. Ke2 Ke7 25. Rfb1 Rh8 26. h4 Rg8 27.
Kf2 Rgd8 28. Ke3 Kf8 29. Rb3 Rxa4 30. Rxa4 Bxa4 31. Rxb7 Rc8 32. Ra7 Rb8 33.
Rxa5 Bc6 34. Rc5 Bd5 35. Rxc3 Rb1 36. Rc8+ Kg7 37. c4 Bh1 38. Bxb1 1-0

[Event "DRUGA LIGA CENTRALNE SRBIJE - ISTOK 2017"]
[Site "Srebrno jezero"]
[Date "2017.09.09"]
[Round "3.4"]
[White "Golubovic, Marko"]
[Black "Madjar, Stanislav"]
[Result "0-1"]
[WhiteElo "1976"]
[BlackElo "2176"]
[PlyCount "94"]
[EventDate "2017.09.08"]

1. e4 Nf6 2. e5 Nd5 3. c4 Nb6 4. d4 d6 5. f4 dxe5 6. fxe5 Bf5 7. Nc3 e6 8. Nf3
Nc6 9. Be3 Qd7 10. Bd3 Bxd3 11. Qxd3 O-O-O 12. O-O f6 13. exf6 gxf6 14. a3 Ne5
15. Nxe5 fxe5 16. Rad1 Qc6 17. c5 Bxc5 18. Nb5 Kb8 19. Rf7 Rhg8 20. g3 Bxd4 21.
Bxd4 exd4 22. Rxc7 Qd5 23. Qxh7 Rh8 24. Qg7 Rdg8 25. Qxd4 Qxb5 26. Qd6 Ka8 27.
Rdc1 Qd5 28. Qf4 e5 29. Qf5 e4 30. Qxd5 Nxd5 31. R7c5 Nf4 32. R1c4 Nd3 33. Rc7
Re8 34. Rd4 e3 35. Rxd3 e2 36. Rc1 e1=Q+ 37. Rxe1 Rxe1+ 38. Kf2 Rb1 39. h4
Rxb2+ 40. Kf3 a5 41. Kf4 a4 42. Rd5 b5 43. h5 Kb7 44. g4 Kc6 45. Re5 b4 46.
axb4 Rxb4+ 47. Kf3 a3 0-1

[Event "DRUGA LIGA CENTRALNE SRBIJE - ISTOK 2017"]
[Site "Srebrno jezero"]
[Date "2017.09.09"]
[Round "3.4"]
[White "Mijajlovic, Jovan"]
[Black "Petrovic, Tamara"]
[Result "1/2-1/2"]
[WhiteElo "1891"]
[BlackElo "1862"]
[PlyCount "85"]
[EventDate "2017.09.08"]

1. e4 c5 2. Nf3 d6 3. d4 cxd4 4. Nxd4 Nf6 5. Nc3 a6 6. Bg5 e6 7. f4 Nbd7 8. Qf3
Qb6 9. O-O-O Qc7 10. f5 Ne5 11. Qh3 Nfg4 12. Qg3 Be7 13. Bxe7 Qxe7 14. Nf3 O-O
15. h3 Nxf3 16. gxf3 Ne5 17. f4 Nc6 18. Rg1 g6 19. Bd3 Nb4 20. fxg6 fxg6 21. h4
Kh8 22. Rgf1 Bd7 23. a3 Nc6 24. h5 gxh5 25. Rh1 Rg8 26. Qf3 Be8 27. Rxh5 Bxh5
28. Qxh5 Raf8 29. Rh1 Rg7 30. e5 dxe5 31. fxe5 Rf2 32. Ne4 Rf5 33. Qh2 Rxe5 34.
Nf6 Qxf6 35. Bxh7 Re1+ 36. Rxe1 Rxh7 37. Qd6 Qg5+ 38. Kb1 e5 39. Qf8+ Qg8 40.
Qd6 Qg2 41. Qf8+ Qg8 42. Qd6 Qg2 43. Qf8+ 1/2-1/2

[Event "DRUGA LIGA CENTRALNE SRBIJE - ISTOK 2017"]
[Site "Srebrno jezero"]
[Date "2017.09.09"]
[Round "3.5"]
[White "Markovic, Marko"]
[Black "Zivkovic, Nemanja"]
[Result "0-1"]
[WhiteElo "2227"]
[BlackElo "2282"]
[PlyCount "126"]
[EventDate "2017.09.08"]

1. f4 c5 2. Nf3 Nf6 3. e3 g6 4. b3 Bg7 5. Bb2 O-O 6. Be2 Nc6 7. O-O d5 8. Bb5
Qb6 9. Bxc6 Qxc6 10. d3 Rd8 11. Qe2 b6 12. Nbd2 Ba6 13. Rfe1 Rac8 14. e4 c4 15.
exd5 Nxd5 16. Bxg7 cxd3 17. cxd3 Kxg7 18. Nc4 Nxf4 19. Qxe7 Nxd3 20. Nce5 Qc5+
21. Qxc5 Nxc5 22. Rad1 Rxd1 23. Rxd1 Be2 24. Rd4 Bxf3 25. Nxf3 Ne6 26. Rd7 Rc7
27. Rd2 Nc5 28. Rc2 Rd7 29. Kf2 f6 30. Ke3 Ne6 31. g3 Kf7 32. Rc8 Rd8 33. Rc4
h5 34. h4 g5 35. Ra4 a5 36. hxg5 fxg5 37. Rc4 g4 38. Ne5+ Kf6 39. Nd3 Rd6 40.
Rc8 Nd4 41. Nf4 Nf5+ 42. Kf2 Rd2+ 43. Ke1 Rxa2 44. Rc6+ Ke5 45. Nxh5 Rh2 46.
Nf6 Rb2 47. Nxg4+ Kd5 48. Rxb6 Nd4 49. Ne3+ Kc5 50. Rb8 Re2+ 51. Kd1 Rxe3 52.
g4 Nxb3 53. g5 Nd4 54. g6 Rg3 55. Rg8 Ne6 56. Kc2 Kb4 57. Kb2 Rg2+ 58. Kb1 Ka4
59. Ka1 Ka3 60. Kb1 Nd4 61. Kc1 Ne6 62. Kb1 a4 63. Kc1 Nf4 0-1

[Event "DRUGA LIGA CENTRALNE SRBIJE - ISTOK 2017"]
[Site "Srebrno jezero"]
[Date "2017.09.09"]
[Round "3.5"]
[White "Dimitrijevic, Srdjan"]
[Black "Raicevic, Ivica"]
[Result "1-0"]
[WhiteElo "2259"]
[BlackElo "2174"]
[PlyCount "71"]
[EventDate "2017.09.08"]

1. d4 e6 2. Nf3 Nf6 3. e3 c5 4. Nbd2 b6 5. Bd3 Bb7 6. O-O Be7 7. b3 cxd4 8.
exd4 O-O 9. c4 d5 10. Qe2 Nbd7 11. Bb2 Re8 12. Rfd1 Rc8 13. Rac1 Bb4 14. a3
Bxd2 15. Nxd2 Rc7 16. Qe3 Qe7 17. Re1 Qd6 18. Rcd1 Nf8 19. Nf3 Ng6 20. Ne5 Qf8
21. Nxg6 hxg6 22. Rc1 Rec8 23. Rc2 dxc4 24. bxc4 b5 25. c5 Nd5 26. Qg3 b4 27.
Be4 a5 28. Rcc1 Bc6 29. axb4 axb4 30. Ra1 Qe7 31. Ra6 Ra7 32. Rxc6 Rxc6 33.
Bxd5 exd5 34. Qb8+ Kh7 35. Rxe7 Rxe7 36. Qxb4 1-0

[Event "DRUGA LIGA CENTRALNE SRBIJE - ISTOK 2017"]
[Site "Srebrno jezero"]
[Date "2017.09.09"]
[Round "3.5"]
[White "Stojiljkovic, Stefan"]
[Black "Krstic, Ranko"]
[Result "0-1"]
[WhiteElo "2184"]
[BlackElo "2179"]
[PlyCount "158"]
[EventDate "2017.09.08"]

1. e4 d6 2. d4 Nf6 3. Bd3 e5 4. c3 Be7 5. Nf3 Nbd7 6. O-O O-O 7. Nbd2 c6 8. Qc2
Qc7 9. a4 Re8 10. Re1 Nf8 11. h3 Ng6 12. Bc4 h6 13. Qb3 Rf8 14. Nf1 Nxe4 15.
Rxe4 d5 16. Re1 dxc4 17. Qxc4 Be6 18. Qe2 exd4 19. Nxd4 Bd7 20. Qc2 Rfe8 21.
Be3 Bf8 22. Rad1 Rad8 23. Ng3 b6 24. Ndf5 c5 25. h4 Bc6 26. Rxd8 Qxd8 27. Rd1
Qf6 28. h5 Nh4 29. Nxh4 Qxh4 30. b3 Qg4 31. Qe2 Qe6 32. c4 Bd6 33. Nf1 Be5 34.
f3 Bd4 35. Re1 Bc3 36. Rc1 Bf6 37. Qf2 Qf5 38. Rd1 Re6 39. Ng3 Qe5 40. Bc1 Bh4
41. Kh2 Rd6 42. Rxd6 Qxd6 43. f4 Qe6 44. f5 Qe5 45. Qf4 Qe7 46. Bb2 Bf6 47.
Bxf6 Qxf6 48. Qe3 Qb2 49. Ne2 Qf6 50. Qf4 Kh7 51. Kg1 Qb2 52. Qe3 Qb1+ 53. Kh2
Qxf5 54. Ng3 Qc2 55. Ne2 Qe4 56. Qf2 Qe5+ 57. Ng3 Kg8 58. Qd2 Qf6 59. Qe3 Qd4
60. Nf5 Qxe3 61. Nxe3 g6 62. hxg6 fxg6 63. Kg3 Kg7 64. Kf4 Kf6 65. Ng4+ Ke6 66.
Nxh6 Bxg2 67. Ng4 Bc6 68. Ne3 g5+ 69. Kxg5 Ke5 70. Nc2 Ke4 71. Kf6 Kd3 72. Na1
Bxa4 73. bxa4 Kxc4 74. Nc2 Kb3 75. Ne3 Kxa4 76. Ke5 Kb3 77. Kd5 a5 78. Nc4 a4
79. Nd2+ Kb4 0-1

[Event "DRUGA LIGA CENTRALNE SRBIJE - ISTOK 2017"]
[Site "Srebrno jezero"]
[Date "2017.09.09"]
[Round "3.5"]
[White "Blazic, Ivica"]
[Black "Micovic, Nikola"]
[Result "1/2-1/2"]
[WhiteElo "2046"]
[BlackElo "1834"]
[PlyCount "104"]
[EventDate "2017.09.08"]

1. e4 c5 2. c3 d6 3. d4 cxd4 4. cxd4 Nf6 5. Nc3 g6 6. Nf3 Bg7 7. Bb5+ Bd7 8. e5
dxe5 9. dxe5 Ng4 10. Bxd7+ Qxd7 11. Bf4 O-O 12. h3 Nh6 13. Qxd7 Nxd7 14. O-O-O
Nb6 15. g4 f5 16. g5 Nf7 17. Nd5 Nxd5 18. Rxd5 Rac8+ 19. Kb1 Rc4 20. Be3 a6 21.
Bd4 Rd8 22. Rxd8+ Nxd8 23. b3 Rc6 24. Bb2 Ne6 25. Rd1 Kf7 26. h4 b5 27. Rd7 Rc7
28. Rd1 Ke8 29. h5 Rd7 30. Rxd7 Kxd7 31. hxg6 hxg6 32. Kc2 Kc6 33. Ba3 Kd5 34.
Bxe7 Bxe5 35. Kd3 Bd4 36. Nxd4 Nxd4 37. Bf6 Nc6 38. a3 Na5 39. Kc3 f4 40. a4
bxa4 41. bxa4 Nb7 42. Kb4 Kc6 43. f3 Nc5 44. Ka5 Kb7 45. Be5 Nd3 46. Bd6 Ne1
47. Bxf4 Nxf3 48. Kb4 Kc6 49. Kc4 Kb6 50. Kb4 Kc6 51. a5 Nh4 52. Kc4 Nf5
1/2-1/2

[Event "DRUGA LIGA CENTRALNE SRBIJE - ISTOK 2017"]
[Site "Srebrno jezero"]
[Date "2017.09.09"]
[Round "3.6"]
[White "Bura, Goran"]
[Black "Spasojevic, Zoran M"]
[Result "1/2-1/2"]
[WhiteElo "2231"]
[BlackElo "2226"]
[PlyCount "87"]
[EventDate "2017.09.08"]

1. d4 Nf6 2. Bf4 c5 3. dxc5 Na6 4. c3 Nxc5 5. Nd2 d5 6. e3 Bf5 7. Nb3 Qb6 8.
Nf3 a6 9. Nfd4 Bd7 10. Nxc5 Qxc5 11. Be5 e6 12. Qf3 Ne4 13. Bd3 f6 14. Bg3 e5
15. Nb3 Qc6 16. O-O Be6 17. c4 Ng5 18. Qh5+ Bf7 19. cxd5 Qb6 20. Qg4 Bxd5 21.
Bxe5 Qe6 22. Qxe6+ Nxe6 23. Bg3 Rd8 24. Rfd1 Bb4 25. Bf5 Ke7 26. h3 g6 27. Bd3
Bxb3 28. axb3 Rd7 29. Be2 Rhd8 30. Rxd7+ Rxd7 31. Rd1 Rxd1+ 32. Bxd1 a5 33. Kf1
Bd2 34. Ke2 Bc1 35. Kd3 Bxb2 36. Kc4 Ba3 37. Kb5 Bb4 38. f3 f5 39. Bf2 Bc5 40.
g4 b6 41. gxf5 gxf5 42. Kc4 Kd6 43. Kd3 b5 44. Bg3+ 1/2-1/2

[Event "DRUGA LIGA CENTRALNE SRBIJE - ISTOK 2017"]
[Site "Srebrno jezero"]
[Date "2017.09.09"]
[Round "3.6"]
[White "Popovic, Djordje D"]
[Black "Rajkovic, Aleksandar"]
[Result "1-0"]
[WhiteElo "2247"]
[BlackElo "2205"]
[PlyCount "83"]
[EventDate "2017.09.08"]

1. d4 d5 2. c4 e6 3. Nc3 Nf6 4. cxd5 exd5 5. Bg5 Be7 6. e3 O-O 7. Bd3 Nbd7 8.
Nf3 b6 9. O-O Bb7 10. Qc2 h6 11. Bxf6 Nxf6 12. Rfd1 Bd6 13. Nb5 c6 14. Nxd6
Qxd6 15. Rac1 Rfe8 16. a3 Nd7 17. Bh7+ Kh8 18. Bf5 Nf8 19. Ne5 Rxe5 20. dxe5
Qxe5 21. b4 Ne6 22. Bg4 Rf8 23. Qc3 Qxc3 24. Rxc3 f5 25. Bf3 Ng5 26. Be2 Rf6
27. g3 Ne4 28. Rc2 Kg8 29. a4 a6 30. Bd3 Nd6 31. Rdc1 Nf7 32. f4 g6 33. Bxa6
Ba8 34. a5 c5 35. axb6 Rxb6 36. Rxc5 Rxa6 37. Ra5 Rxa5 38. bxa5 Nd6 39. Rc7 Kf8
40. Ra7 Bb7 41. Rxb7 Nxb7 42. a6 1-0

[Event "DRUGA LIGA CENTRALNE SRBIJE - ISTOK 2017"]
[Site "Srebrno jezero"]
[Date "2017.09.09"]
[Round "3.6"]
[White "Mickovic, Slavisa"]
[Black "Stefanovic, Vladimir"]
[Result "0-1"]
[WhiteElo "2102"]
[BlackElo "2238"]
[PlyCount "94"]
[EventDate "2017.09.08"]

1. d4 Nf6 2. c3 g6 3. Bf4 Bg7 4. e3 d6 5. h3 O-O 6. Nf3 c5 7. Be2 b6 8. O-O Ba6
9. Nbd2 Bxe2 10. Qxe2 Nc6 11. a4 Qc7 12. Bh2 Qb7 13. e4 cxd4 14. cxd4 Nd7 15.
e5 dxe5 16. dxe5 Nc5 17. Ra3 Rfd8 18. Qc4 Ne6 19. Rd3 Rac8 20. Rxd8+ Rxd8 21.
Nb3 Qd7 22. Bg3 Bh6 23. Re1 Qd5 24. Re4 Na5 25. Nxa5 bxa5 26. Bh4 Qb7 27. Qe2
Nf4 28. Qc4 Rc8 29. Rxf4 Rxc4 30. Rxc4 Bf8 31. Bg5 Kg7 32. Be3 h6 33. Bd4 e6
34. Bc3 Bb4 35. Bd4 Qd5 36. Rc7 Qb3 37. Bxa7 Qxb2 38. Nd4 Qa2 39. Kh2 Be1 40.
Bc5 Bxf2 41. Nxe6+ Qxe6 42. Bxf2 Qxe5+ 43. Bg3 Qd4 44. Re7 Kf6 45. Re8 Qxa4 46.
Be5+ Kf5 47. Bg7 Qxe8 0-1

[Event "DRUGA LIGA CENTRALNE SRBIJE - ISTOK 2017"]
[Site "Srebrno jezero"]
[Date "2017.09.09"]
[Round "3.6"]
[White "Kostic, Tomislav"]
[Black "Jovanovic, Darko"]
[Result "1-0"]
[WhiteElo "2046"]
[BlackElo "1945"]
[PlyCount "61"]
[EventDate "2017.09.08"]

1. e4 c5 2. Nf3 d6 3. d4 cxd4 4. Nxd4 a6 5. Nc3 Nf6 6. h3 e6 7. g4 Be7 8. g5
Nfd7 9. Be3 Nc6 10. h4 Qa5 11. Qd2 Nde5 12. Be2 Qb4 13. a3 Qa5 14. f4 Nd7 15.
O-O-O Nxd4 16. Qxd4 e5 17. Qd2 exf4 18. Bxf4 Ne5 19. Qd4 Be6 20. Nd5 Bxd5 21.
exd5 O-O 22. h5 Qc7 23. h6 g6 24. Rh3 f6 25. Re3 Rac8 26. c3 Qc5 27. Bg4 Rce8
28. Be6+ Kh8 29. Qxc5 dxc5 30. gxf6 Bxf6 31. Bxe5 1-0

[Event "DRUGA LIGA CENTRALNE SRBIJE - ISTOK 2017"]
[Site "Srebrno jezero"]
[Date "2017.09.09"]
[Round "3.6"]
[White "Radisavljevic, Dalibor"]
[Black "Kostic, Marko"]
[Result "1-0"]
[WhiteElo "1871"]
[BlackElo "1977"]
[PlyCount "75"]
[EventDate "2017.09.08"]

1. e4 e5 2. Nf3 Nc6 3. Bb5 a6 4. Ba4 Nf6 5. O-O Be7 6. Re1 b5 7. Bb3 d6 8. c3
Bg4 9. d3 a5 10. Nbd2 O-O 11. h3 Bh5 12. Nf1 a4 13. Bc2 d5 14. Ng3 Bg6 15. Qe2
dxe4 16. dxe4 Qb8 17. Be3 Nd7 18. Rad1 Rd8 19. Bd3 Ra5 20. Nf5 f6 21. Nxe7+
Nxe7 22. Nh4 Bf7 23. Qg4 h5 24. Qg3 Nf8 25. Nf5 Nfg6 26. Be2 Nxf5 27. exf5 Ne7
28. Bd3 Kh7 29. Qh4 Qb7 30. Be4 Rxd1 31. Rxd1 c6 32. g4 Nd5 33. g5 fxg5 34.
Qxg5 Nxe3 35. f6+ g6 36. Qxh5+ Kg8 37. Rd8+ Be8 38. Rxe8+ 1-0

[Event "DRUGA LIGA CENTRALNE SRBIJE - ISTOK 2017"]
[Site "Srebrno jezero"]
[Date "2017.09.09"]
[Round "3.1"]
[White "Delchev, Aleksander"]
[Black "Popchev, Milko"]
[Result "1/2-1/2"]
[WhiteElo "2577"]
[BlackElo "2301"]
[PlyCount "65"]
[EventDate "2017.09.08"]

1. d4 e6 2. e4 d5 3. Nd2 dxe4 4. Nxe4 Bd7 5. Nf3 Bc6 6. Bd3 Bxe4 7. Bxe4 c6 8.
c3 Nd7 9. Bf4 Ngf6 10. Bc2 Be7 11. O-O Nf8 12. Qe2 Ng6 13. Bd2 Qc7 14. g4 O-O
15. Rad1 Rad8 16. c4 b5 17. Rc1 bxc4 18. Bxg6 hxg6 19. Rxc4 Bd6 20. Rfc1 Rc8
21. Bb4 Nd5 22. Bxd6 Qxd6 23. Ne5 Ne7 24. Qe4 Rfd8 25. Nxc6 Rxc6 26. Rxc6 Nxc6
27. Rxc6 Qb4 28. Qf4 g5 29. Qxg5 Qe1+ 30. Kg2 Qe4+ 31. Kg1 Qe1+ 32. Kg2 Qe4+
33. Kg1 1/2-1/2

[Event "DRUGA LIGA CENTRALNE SRBIJE - ISTOK 2017"]
[Site "Srebrno jezero"]
[Date "2017.09.09"]
[Round "3.1"]
[White "Bozilov, Dragan*"]
[Black "Petrov, Georgi"]
[Result "0-1"]
[WhiteElo "2003"]
[BlackElo "2227"]
[PlyCount "116"]
[EventDate "2017.09.08"]

1. e4 c6 2. d4 d5 3. exd5 cxd5 4. Bd3 Nf6 5. c3 Bg4 6. Ne2 e6 7. Bf4 Bd6 8. f3
Bh5 9. Qb3 b6 10. Bb5+ Kf8 11. Nd2 Bg6 12. Bxd6+ Qxd6 13. O-O Nc6 14. Bxc6 Qxc6
15. Nf4 Qd6 16. Nxg6+ hxg6 17. Qb4 Qxb4 18. cxb4 Rc8 19. Rfc1 Ke7 20. Kf2 Kd7
21. h3 Rxc1 22. Rxc1 Ne8 23. Ke3 Nd6 24. Kd3 Nf5 25. Rc3 Nh4 26. Ra3 Ra8 27. g3
Nf5 28. Nf1 g5 29. Rc3 Nd6 30. Rc2 Rh8 31. Rh2 Nf5 32. a3 Rc8 33. g4 Nh4 34.
Rf2 Ng6 35. Ke3 Rc1 36. Kd2 Rb1 37. Ke3 f6 38. Ng3 Nf4 39. Rh2 Rd1 40. Rd2 Rxd2
41. Kxd2 Nxh3 42. Nh5 Nf4 43. Ng3 g6 44. Ke3 Kd6 45. Nf1 e5 46. Nd2 Ne6 47.
dxe5+ Kxe5 48. a4 d4+ 49. Kd3 f5 50. Kc4 a6 51. b5 a5 52. b4 axb4 53. Kxb4 Kf4
54. a5 bxa5+ 55. Kxa5 Ke3 56. gxf5 gxf5 57. b6 Kxd2 58. Kb5 Nd8 0-1

[Event "DRUGA LIGA CENTRALNE SRBIJE - ISTOK 2017"]
[Site "Srebrno jezero"]
[Date "2017.09.09"]
[Round "3.1"]
[White "Mincic, Srbislav"]
[Black "Stoimenov, Roki"]
[Result "1-0"]
[WhiteElo "2191"]
[BlackElo "2016"]
[PlyCount "41"]
[EventDate "2017.09.08"]

1. e4 e6 2. Nf3 d5 3. exd5 exd5 4. d4 Bd6 5. c4 Be6 6. c5 Be7 7. Bd3 Nc6 8. Nc3
Bf6 9. Be3 Nge7 10. O-O Bg4 11. Re1 O-O 12. Bc2 Bxf3 13. Qxf3 Bxd4 14. Rad1 Ne5
15. Qh3 f5 16. Bxd4 N5g6 17. g3 Qd7 18. f4 Nc6 19. Bf2 Nb4 20. Nxd5 Nxd5 21.
Rxd5 1-0

[Event "DRUGA LIGA CENTRALNE SRBIJE - ISTOK 2017"]
[Site "Srebrno jezero"]
[Date "2017.09.09"]
[Round "3.1"]
[White "Igic, Vladan"]
[Black "Tonic, Milos*"]
[Result "1/2-1/2"]
[WhiteElo "1989"]
[BlackElo "2021"]
[PlyCount "45"]
[EventDate "2017.09.08"]

1. d4 Nf6 2. Nf3 e6 3. Bg5 h6 4. Bxf6 Qxf6 5. g3 g6 6. Bg2 Bg7 7. Nc3 d6 8. O-O
O-O 9. a3 Nc6 10. e3 e5 11. Nd5 Qd8 12. dxe5 Nxe5 13. Nxe5 Bxe5 14. c3 c6 15.
Nf4 Qe7 16. Nd3 Bf6 17. e4 Be6 18. Re1 Rad8 19. Qc2 a5 20. a4 h5 21. f4 Qc7 22.
Qf2 Bc4 23. Bf1 1/2-1/2

[Event "DRUGA LIGA CENTRALNE SRBIJE - ISTOK 2017"]
[Site "Srebrno jezero"]
[Date "2017.09.09"]
[Round "3.1"]
[White "Pejcic, Marko**"]
[Black "Stanojevic, Ilija**"]
[Result "0-1"]
[WhiteElo "1194"]
[BlackElo "2056"]
[PlyCount "60"]
[EventDate "2017.09.08"]

1. d4 d5 2. c4 dxc4 3. e4 Nc6 4. d5 Ne5 5. Nf3 Bg4 6. Be2 Ng6 7. Nbd2 Nf6 8.
Qa4+ Bd7 9. Qxc4 e6 10. dxe6 Bxe6 11. Qb5+ Bd7 12. Qxb7 Bc5 13. Qb3 Nf4 14. Kf1
Nxe2 15. Kxe2 Rb8 16. Qc3 Bb5+ 17. Kd1 Qe7 18. a4 Ba6 19. Ne5 Rb6 20. a5 Rd6
21. Ra4 Bb5 22. Ra2 Nxe4 23. Qf3 Nxf2+ 24. Kc2 Qxe5 25. Nc4 Bxc4 26. Qa8+ Ke7
27. Bg5+ Qxg5 28. Re1+ Kd7 29. Qf3 Qd2+ 30. Kb1 Qxe1+ 0-1

[Event "DRUGA LIGA CENTRALNE SRBIJE - ISTOK 2017"]
[Site "Srebrno jezero"]
[Date "2017.09.09"]
[Round "3.2"]
[White "Livaja, Mario"]
[Black "Djukic, Zeljko"]
[Result "1/2-1/2"]
[WhiteElo "2314"]
[BlackElo "2320"]
[PlyCount "71"]
[EventDate "2017.09.08"]

1. d4 d5 2. c4 e6 3. Nc3 a6 4. Nf3 dxc4 5. a4 Nc6 6. e3 Na5 7. Ne5 Nb3 8. Rb1
c5 9. Bxc4 Nxc1 10. Rxc1 cxd4 11. exd4 Nf6 12. O-O Bb4 13. Qb3 Ba5 14. d5 Qb6
15. dxe6 Bxe6 16. Bxe6 fxe6 17. Qa2 Bxc3 18. Rxc3 O-O 19. Nc4 Qd4 20. Ne3 Rae8
21. Rc4 Qb6 22. a5 Qb5 23. Rfc1 h6 24. Rc5 Qe2 25. Qb1 Nd5 26. R1c2 Qd3 27. Qf1
Qxf1+ 28. Nxf1 Rf4 29. Re2 Kf7 30. Nd2 Rd4 31. g3 Nb4 32. Nf3 Rd1+ 33. Kg2 Nc6
34. h4 Rd5 35. Rec2 Rxc5 36. Rxc5 1/2-1/2

[Event "DRUGA LIGA CENTRALNE SRBIJE - ISTOK 2017"]
[Site "Srebrno jezero"]
[Date "2017.09.09"]
[Round "3.2"]
[White "Todorovic, Nenad I**"]
[Black "Zivkovic, Marko"]
[Result "1/2-1/2"]
[WhiteElo "2262"]
[BlackElo "2194"]
[PlyCount "78"]
[EventDate "2017.09.08"]

1. e4 c6 2. d4 d5 3. e5 Bf5 4. h4 h5 5. c4 e6 6. Nc3 Nd7 7. cxd5 cxd5 8. Bd3
Bxd3 9. Qxd3 Nh6 10. Nf3 a6 11. O-O Nb6 12. Bg5 Qd7 13. a4 Nc4 14. b3 Na5 15.
Ne2 Nf5 16. Ng3 g6 17. Nxf5 gxf5 18. Bf6 Rh6 19. Rac1 Rg6 20. Bg5 Ba3 21. Ra1
Bb4 22. Rfc1 Nc6 23. Rc2 Rg8 24. Qd1 Qc7 25. Qe2 Qb6 26. Qe3 Kd7 27. Rd1 Rac8
28. Ne1 Bxe1 29. Qxe1 Qxb3 30. Qd2 Qxa4 31. Ra2 Qb4 32. Qe2 Qc4 33. Qxh5 Rxg5
34. Qxf7+ Ne7 35. Rb2 Rgg8 36. Rxb7+ Rc7 37. Rb6 Rc6 38. Rb7+ Rc7 39. Rb6 Rc6
1/2-1/2

[Event "DRUGA LIGA CENTRALNE SRBIJE - ISTOK 2017"]
[Site "Srebrno jezero"]
[Date "2017.09.09"]
[Round "3.2"]
[White "Kulak, Dejan"]
[Black "Grkovic, Vladan"]
[Result "1/2-1/2"]
[WhiteElo "2180"]
[BlackElo "2213"]
[PlyCount "56"]
[EventDate "2017.09.08"]

1. e4 e6 2. d4 d5 3. Nd2 dxe4 4. Nxe4 Nd7 5. Nf3 Ngf6 6. Bd3 Be7 7. Qe2 O-O 8.
Bg5 Nd5 9. Bd2 Nb4 10. Bxb4 Bxb4+ 11. c3 Be7 12. O-O-O b6 13. Ne5 Bb7 14. f4 f5
15. Nd2 Bd6 16. Nxd7 Qxd7 17. Rhf1 Kh8 18. g3 a6 19. Rfe1 Rfe8 20. Bc4 Bd5 21.
Qd3 b5 22. Bb3 a5 23. Re3 c6 24. Rde1 Re7 25. Qe2 Rae8 26. Nf3 a4 27. Bxd5 exd5
28. Ne5 Bxe5 1/2-1/2